[Event "Pardubice"]
[Site "Pardubice"]
[Date "1994.??.??"]
[Round "4"]
[White "Polgar, Zsuzsa"]
[Black "Sokolov, Ivan"]
[Result "1-0"]
[WhiteElo "2550"]
[BlackElo "2625"]

1.d4 Nf6 2.c4 e6 3.Nc3 Bb4 4.a3 Bxc3+ 5.bxc3 c5 6.e3 Nc6 7.Bd3 O-O 8.Ne2 b6
9.e4 Ne8 10.O-O Ba6 11.f4 f5 12.Ng3 g6 13.Be3 Nd6 14.exf5 gxf5 15.Qe2 Na5
16.dxc5 Ndxc4 17.Bd4 bxc5 18.Bxc5 Rf6 19.Rab1 Rg6 20.Bd4 Rc8 21.Bxa7 Qc7
22.Bd4 Bb7 23.Rf2 Nxa3 24.Re1 Rf8 25.Qh5 Qc6 26.Be4 Qb5 27.Bxf5 Rxf5 28.Nxf5 Qxf5
29.Qxf5 exf5 30.Re8+ Kf7 31.Re5 Nc6 32.Rxf5+ Ke6 33.Rc5 Rg8 34.Re2+ Kd6 35.Ra2 Ra8
36.Rh5 Nxd4 37.cxd4 Bd5 38.Rh6+ Kc7 39.Ra1 Be4 40.g4 d6 41.f5 Kc6 42.Rxh7 Kd5
43.Rh3 Rg8 44.Raxa3 Rxg4+ 45.Rhg3 Rf4 46.Rg6 Kxd4 47.Rxd6+ Ke5 48.Rd1 Bxf5
49.Rf1 Rxf1+ 50.Kxf1 Kf6 51.Rg3 Bg6 52.h4  1-0

[Event "Pardubice"]
[Site "Pardubice"]
[Date "1994.??.??"]
[Round "8"]
[White "Shirov, Alexei"]
[Black "Sokolov, Ivan"]
[Result "1/2-1/2"]
[WhiteElo "2740"]
[BlackElo "2625"]

1.d4 Nf6 2.c4 e6 3.Nc3 Bb4 4.e3 c5 5.Ne2 b6 6.a3 Ba5 7.g3 Bb7 8.d5 exd5 9.Bg2 Ba6
10.cxd5 Bxc3+ 11.Nxc3 O-O 12.b4 Bc4 13.f4 d6 14.bxc5 bxc5 15.Kf2 Nbd7 16.Re1 Rb8
17.e4 Qa5 18.Re3 Bb3 19.Qe2 Nb6 20.g4 Bc4 21.Qf3 Na4 22.Nxa4 Qxa4 23.Kg1 Rfe8
24.g5 Nd7 25.Bd2 Qc2 26.Be1 Rb3 27.Rxb3 Bxb3 28.Qc3 c4 29.Qd4 Qd3 30.Bc3 f6
31.gxf6 gxf6 32.Re1 Kf7 33.Re3 Qd1+ 34.Re1 Qd3 35.Re3 Qb1+ 36.Kf2 Rg8 37.Bf1 Rg4
38.Qxa7 Rxf4+ 39.Kg3 Qxf1 40.Qxd7+ Kg6 41.Qe8+  1/2-1/2

[Event "Pardubice"]
[Site "Pardubice"]
[Date "1994.??.??"]
[Round "9"]
[White "Sokolov, Ivan"]
[Black "Kindermann, Stefan"]
[Result "1/2-1/2"]
[WhiteElo "2625"]
[BlackElo "2560"]

1.d4 Nf6 2.c4 e6 3.Nc3 Bb4 4.Qc2 d5 5.Nf3 c5 6.cxd5 exd5 7.Bg5 h6 8.Bxf6 Qxf6
9.a3 Ba5 10.e3 O-O 11.dxc5 Bf5 12.Bd3 Bxc3+ 13.bxc3 Bxd3 14.Qxd3  1/2-1/2

[Event "EUCup Gr2"]
[Site "Strasbourg"]
[Date "1994.??.??"]
[Round "?"]
[White "Mokry, Karel"]
[Black "Sokolov, Ivan"]
[Result "1/2-1/2"]
[WhiteElo "2530"]
[BlackElo "2625"]

1.e4 e5 2.Nf3 Nc6 3.Bb5 a6 4.Ba4 Nf6 5.O-O Be7 6.Re1 b5 7.Bb3 O-O 8.a4 b4
9.d4 d6 10.dxe5 Nxe5 11.Nxe5 dxe5 12.Bg5 Qxd1 13.Rxd1 Bc5 14.Bxf6 gxf6 15.Nd2 Bg4
16.Nf3 Rad8 17.h3 Bxf3 18.gxf3 Bd4 19.Rab1 a5 20.Kf1 Rd6 21.Rd3 Rb8 22.c3 Bc5
23.Rxd6 cxd6 24.Bc2 Kg7 25.Bd3 f5 26.exf5 Kf6 27.Be4 Kg5 28.Ke2 h5 29.Rg1+ Kf6
30.h4 bxc3 31.bxc3 Rb3 32.Rg5 Rxc3 33.Rxh5 Rc4 34.Rh7 Rxa4 35.h5 Ra2+ 36.Kd3 Rxf2
37.h6 Rh2 38.Bd5 Kxf5 39.Rxf7+ Kg6 40.h7 Rxh7 41.Rxh7 Kxh7 42.Bc6 Kg6 43.Ke4 Kg5
44.Bd7 Bb4 45.Bc6 Bd2 46.Kd5 Bf4 47.Ke4 Kh4 48.Kd3 Kg3 49.Ke2 Kg2 50.Ba4 d5
51.Bc6 d4 52.Bb5 Kg3 53.Bc6 Be3 54.Bb5 Kf4 55.Bc6 Bg1 56.Kd3 Bh2 57.Ke2 Kf5
58.Kd3 Ke6 59.Kc4 Kd6 60.Bb5 Bf4 61.Ba4 Be3  1/2-1/2

[Event "EUCup Gr2"]
[Site "Strasbourg"]
[Date "1994.??.??"]
[Round "?"]
[White "Sokolov, Ivan"]
[Black "Paehtz, Thomas Sr"]
[Result "1/2-1/2"]
[WhiteElo "2625"]
[BlackElo "2475"]

1.d4 Nf6 2.c4 g6 3.Nc3 Bg7 4.e4 d6 5.Nf3 O-O 6.h3 c6 7.Be3 a6 8.a4 a5 9.Nd2 e5
10.d5 Na6 11.Be2 Nd7 12.Nb3 f5 13.exf5 gxf5 14.O-O f4 15.Bd2 Nac5 16.Bf3 Nxb3
17.Qxb3 Nc5 18.Qd1 Bf5 19.dxc6 e4 20.cxb7 Rb8 21.Bg4 f3 22.Be3 Bxg4 23.hxg4 Be5
24.g5 Qd7 25.Qd5+ Rf7 26.Nxe4 fxg2 27.Kxg2 Rxb7 28.Bxc5 Qg4+ 29.Ng3 Rb3 30.Ra3 Bxg3
31.Qxf7+ Kxf7 32.fxg3+ Kg6 33.Rxb3 dxc5 34.Rc3 Qe4+ 35.Rff3 Qe2+ 36.Rf2 Qe4+
37.Kh2 Qd4 38.Rcc2 Kxg5 39.Rf4 Qd3 40.Rcf2 h5 41.Rf6 Qd7 42.b3 Qc8 43.Rd6 h4
44.Rd5+ Kh6 45.Rf6+ Kg7 46.Rf4 hxg3+ 47.Kxg3 Qe6 48.Kf2 Qh6 49.Rdf5 Qh2+
50.Ke3 Qb2 51.Rg5+ Kh6 52.Rg3 Qxb3+ 53.Kf2 Qc2+ 54.Kf3 Kh5 55.Rf8 Qd3+ 56.Kg2 Qe2+
57.Kh3 Qe6+ 58.Kh2 Qe2+ 59.Rg2 Qe5+ 60.Kg1 Qe3+ 61.Kh2  1/2-1/2

[Event "Tilburg blitz"]
[Site "Tilburg"]
[Date "1994.??.??"]
[Round "4"]
[White "Georgiev, Kiril"]
[Black "Sokolov, Ivan"]
[Result "1-0"]
[WhiteElo "2615"]
[BlackElo "2625"]

1.c4 e5 2.Nc3 Nc6 3.g3 f5 4.Bg2 Nf6 5.d3 Bb4 6.Nf3 O-O 7.O-O Bxc3 8.bxc3 d6
9.Bg5 Qe8 10.Bxf6 Rxf6 11.Nd2 Ne7 12.e3 c6 13.Re1 Kh8 14.Rb1 b6 15.f4 Ng6
16.e4 Bd7 17.exf5 Rxf5 18.Nf3 Qf8 19.fxe5 dxe5 20.Kh1 Qd6 21.Qe2 Raf8 22.Rf1 Qa3
23.Rb3 Qc5 24.Rbb1 h6 25.h3 R5f6 26.Kh2 b5 27.Nd2 Bf5 28.Ne4 Bxe4 29.Rxf6 Rxf6
30.Qxe4 h5 31.h4 a6 32.Qe2 e4 33.Qxe4 Qd6 34.Re1 bxc4 35.dxc4 Kh7 36.Re2 Qa3
37.Qe3 Qa4 38.Qc5 Qd1 39.Qxh5+  1-0

[Event "Tilburg rapid20"]
[Site "Tilburg"]
[Date "1994.??.??"]
[Round "4"]
[White "Georgiev, Kiril"]
[Black "Sokolov, Ivan"]
[Result "1-0"]
[WhiteElo "2615"]
[BlackElo "2625"]

1.c4 e5 2.Nc3 Nf6 3.Nf3 Nc6 4.g3 Bb4 5.Nd5 a5 6.Bg2 O-O 7.O-O d6 8.Nxb4 axb4
9.b3 Bf5 10.Bb2 Re8 11.Re1 Ra5 12.d4 Qa8 13.d5 Nb8 14.Nh4 Bg6 15.Nxg6 hxg6
16.Qd2 Rxa2 17.Qxb4 Nbd7 18.Qc3 Rxa1 19.Rxa1 Qb8 20.b4 b6 21.Qa3 e4 22.Bh3 Ne5
23.Bxe5 Rxe5 24.Qa8 Qxa8 25.Rxa8+ Kh7 26.Rb8 g5 27.Bc8 g6 28.Ba6 Kg7 29.Rc8 Re7
30.h3 Ng8 31.Kf1 f5 32.Ke1 Nh6 33.Kd2 g4 34.h4 Nf7 35.Ke3 Ne5 36.Bb5 Kf6
37.Ra8 Kg7 38.Kf4 Kf6 39.Ke3 Kg7 40.Kd4 Kf6 41.Rb8 e3 42.fxe3 Nf7 43.Re8 Re5
44.Bd7 Rxe8 45.Bxe8 Ne5 46.Bb5 g5 47.hxg5+ Kxg5 48.Ba4 Nf7 49.Bd7 Ne5 50.Be6 Ng6
51.c5 bxc5+ 52.bxc5 Ne5 53.c6 Ng6 54.Bc8 Ne5 55.Ba6 Ng6 56.Bc8 Ne5 57.Bd7 Nf7
58.Be6 Ne5 59.Kc3 Ng6 60.Kc4 Kf6 61.Kb5 Ne7 62.Ka6 Ng6 63.Kb7 Ne5 64.Kxc7  1-0

[Event "Antwerp op"]
[Site "Antwerp"]
[Date "1995.??.??"]
[Round "3"]
[White "Sokolov, Ivan"]
[Black "Zifroni, Dov"]
[Result "1-0"]
[WhiteElo "2630"]
[BlackElo "2385"]

1.d4 e6 2.c4 f5 3.g3 Nf6 4.Bg2 c6 5.Nh3 d5 6.O-O Bd6 7.Bf4 Be7 8.Nd2 O-O
9.c5 Na6 10.a3 h6 11.b4 g5 12.Be5 Nd7 13.f4 Nxe5 14.fxe5 Bd7 15.e3 Qe8 16.Rf2 Qg6
17.Bf1 Nc7 18.Bd3 h5 19.Rg2 Qh6 20.a4 Rf7 21.Nb1 Rg7 22.Nc3 Rf8 23.Qe2 Be8
24.b5 h4 25.g4 Bg6 26.Rf1 Rgf7 27.Qc2 fxg4 28.Rxf7 Bxf7 29.Nf2 g3 30.hxg3 hxg3
31.Rxg3 Bh5 32.Rh3 g4 33.Nxg4 Qg7 34.Rg3 Bxg4 35.Qg2 Rf5 36.Be2 Rg5 37.Bxg4 Qg6
38.b6 axb6 39.cxb6 Ne8 40.Bxe6+ Kh8 41.Qh3+ Kg7 42.Ne2  1-0

[Event "Antwerp op"]
[Site "Antwerp"]
[Date "1995.??.??"]
[Round "5"]
[White "Sokolov, Ivan"]
[Black "Akesson, Ralf"]
[Result "1/2-1/2"]
[WhiteElo "2630"]
[BlackElo "2465"]

1.d4 Nf6 2.c4 e6 3.Nc3 Bb4 4.Qc2 O-O 5.a3 Bxc3+ 6.Qxc3 b6 7.Bg5 c5 8.dxc5 bxc5
9.e3 d6 10.Bd3 Nbd7 11.Ne2 Rb8 12.Rd1 h6 13.Bf4 Rb6 14.Bb1 Qc7 15.O-O Bb7
16.f3 Rb8 17.Rd2 Ba6 18.Rfd1 e5 19.Bg3 Rb3 20.Qc1 Qb7 21.Rxd6 Rxb2 22.Bd3 Rb6
23.Bf5 Rxd6 24.Rxd6 Nb6 25.Bxe5 Nxc4 26.Rxa6 Nxe5 27.Ra5 Ned7 28.Nc3 Qc7
29.Rb5  1/2-1/2

[Event "Groningen"]
[Site "Groningen"]
[Date "1995.??.??"]
[Round "6"]
[White "Leko, Peter"]
[Black "Sokolov, Ivan"]
[Result "1/2-1/2"]
[WhiteElo "2605"]
[BlackElo "2630"]

1.e4 e5 2.Nf3 Nc6 3.Bb5 a6 4.Ba4 Nf6 5.O-O Be7 6.Re1 b5 7.Bb3 O-O 8.c3 d5
9.exd5 Nxd5 10.Nxe5 Nxe5 11.Rxe5 c6 12.d3 Bd6 13.Re1 Qh4 14.g3 Qh3 15.Re4 Qd7
16.Nd2 Bb7 17.Re1 c5 18.Ne4 Be7 19.f3 Kh8 20.Bd2 f5 21.Nf2 f4 22.Ne4 fxg3
23.hxg3 Qh3 24.Qe2 c4 25.Bc2 cxd3 26.Bxd3 Rad8 27.Qf1 Qh5 28.g4 Qh4 29.Rad1 Nf4
30.Bxf4 Rxf4 31.Qf2 Rdf8 32.Qxh4 Bxh4 33.Rf1 Rxf3 34.Rxf3 Rxf3 35.Rf1 Rxf1+
36.Kxf1 Be7 37.Ke2 g6 38.Ke3 Kg7 39.a3 Bc8 40.Kf4 Bd8 41.c4 Bc7+ 42.Kf3 bxc4
43.Bxc4 Bb7 44.b4  1/2-1/2

[Event "Internet m"]
[Site "Internet"]
[Date "1995.??.??"]
[Round "2"]
[White "Sokolov, Ivan"]
[Black "Shirov, Alexei"]
[Result "1-0"]
[WhiteElo "2645"]
[BlackElo "2710"]

1.d4 Nf6 2.c4 c5 3.d5 b5 4.cxb5 a6 5.Nc3 axb5 6.e4 b4 7.Nb5 d6 8.Bf4 g5 9.Bxg5 Nxe4
10.Bf4 Bg7 11.Qe2 Nf6 12.Nxd6+ Kf8 13.Nxc8 Qxc8 14.Qf3 Nbd7 15.Bb5 Ra5 16.Bc6 c4
17.Ne2 Nb6 18.Rd1 Qd8 19.d6 e5 20.Bg5 e4 21.Qf4 h6 22.Bh4 Qc8 23.Bxf6 Qxc6
24.O-O Bxf6 25.Qxf6 Kg8 26.Ng3 Rg5 27.Nf5 Qd7 28.Ne7+ Kh7 29.Qxf7+ Rg7 30.Qf4 Rg4
31.Qe3 c3 32.h3 Nc4 33.Qe2 Nxd6 34.Qxg4 Qxe7 35.bxc3 bxc3 36.Rxd6 Qxd6 37.Rd1  1-0

[Event "Malmo"]
[Site "Malmo"]
[Date "1995.??.??"]
[Round "6"]
[White "Sokolov, Ivan"]
[Black "Hellsten, Johan"]
[Result "1-0"]
[WhiteElo "2645"]
[BlackElo "2420"]

1.d4 d5 2.c4 c6 3.Nc3 Nf6 4.Nf3 dxc4 5.a4 Bg4 6.Ne5 Bh5 7.f3 Nfd7 8.Nxc4 e5
9.Be3 Bg6 10.h4 Be7 11.h5 Bf5 12.dxe5 O-O 13.h6 Na6 14.hxg7 Re8 15.g4 Bg6
16.f4 Nb4 17.Rc1 Nd5 18.Bg2 Nxe3 19.Nxe3 Bh4+ 20.Kf1 Bg3 21.f5 Qb6 22.fxg6 hxg6
23.Qd2 Bxe5 24.Ned5  1-0

[Event "Malmo"]
[Site "Malmo"]
[Date "1995.??.??"]
[Round "7"]
[White "Brynell, Stellan"]
[Black "Sokolov, Ivan"]
[Result "0-1"]
[WhiteElo "2435"]
[BlackElo "2645"]

1.e4 e5 2.Nf3 Nc6 3.Bb5 a6 4.Bxc6 dxc6 5.O-O Qd6 6.Na3 Be6 7.Qe2 f6 8.Rd1 Bg4
9.d4 exd4 10.c3 Ne7 11.h3 Bxf3 12.Qxf3 Ng6 13.cxd4 Be7 14.Nc4 Qe6 15.d5 Qf7
16.Na5 cxd5 17.Nxb7 Ne5 18.Qe2 Rb8 19.Qxa6 dxe4 20.Qa4+ c6 21.Nd6+ Bxd6 22.Rxd6 Qe7
23.Rd1 Qb4 24.Qxb4 Rxb4 25.b3 Nd3 26.f3 f5 27.fxe4 fxe4 28.Be3 Kf7 29.Rd2 c5
30.Rc2 Rc8 31.Kf1 Ke6 32.Ke2 Kd5 33.Bd2 Rb6 34.Rf1 Rf6 35.Rxf6 gxf6 36.g4 Rg8
37.Bc3 Rg6 38.Ke3 h5 39.gxh5 Rg3+ 40.Kd2 f5 41.h4 f4 42.h6 Rg2+ 43.Kd1 f3
44.h7 Rg1+ 45.Be1 Rxe1+ 46.Kd2 f2 47.h8=Q Rd1+ 48.Kc3 f1=Q 49.Qd8+ Ke5 50.Qc7+ Kf5
51.Qf7+ Kg4 52.Qg6+ Kf3 53.Qh5+ Ke3 54.a3 Qf6+ 55.Kc4 Qa6+ 56.Kc3 Qa5+ 57.Kc4 Nb2+  0-1

[Event "Malmo"]
[Site "Malmo"]
[Date "1995.??.??"]
[Round "9"]
[White "Sokolov, Ivan"]
[Black "Hjartarson, Johann"]
[Result "1-0"]
[WhiteElo "2645"]
[BlackElo "2590"]

1.d4 Nf6 2.c4 e6 3.Nc3 Bb4 4.Qc2 O-O 5.a3 Bxc3+ 6.Qxc3 b6 7.Bg5 Bb7 8.e3 d6
9.f3 Nbd7 10.Bd3 h6 11.Bh4 c5 12.Ne2 Rc8 13.b4 cxd4 14.exd4 Ba6 15.Qb3 Qc7
16.Rc1 e5 17.O-O Rfe8 18.Qa4 Bb7 19.Bf5 Ra8 20.Nc3 g5 21.Bg3 Bc6 22.Qb3 Rad8
23.Rfd1 Nh5 24.Nb5 Qb8 25.dxe5 Nxg3 26.hxg3 Bxb5 27.cxb5 Rxe5 28.Bb1 Rde8
29.Rc6 Re1+ 30.Kh2 R8e3 31.Qc2 Rxd1 32.Qxd1 Ne5 33.Rxd6 Qc7 34.Qd4 Qe7 35.Be4 Rxa3
36.Rd5 f6 37.Rd8+ Kg7 38.Rb8  1-0

[Event "NLD-chT9596"]
[Site "?"]
[Date "1995.??.??"]
[Round "?"]
[White "Hendriks, Willy"]
[Black "Sokolov, Ivan"]
[Result "0-1"]
[WhiteElo "2395"]
[BlackElo "2645"]

1.e4 e5 2.Bc4 Nf6 3.d3 c6 4.Nf3 Be7 5.O-O d6 6.Bb3 Nbd7 7.c3 Nc5 8.Bc2 Bg4
9.Nbd2 Ne6 10.h3 Bh5 11.Re1 g5 12.d4 exd4 13.Nf1 dxc3 14.Ng3 Rg8 15.bxc3 Bxf3
16.Qxf3 g4 17.hxg4 Nxg4 18.Nf5 Qc7 19.Bb3 O-O-O 20.Bf4 Nxf4 21.Qxf4 Bf6 22.Ne3 Nxe3
23.Rxe3 Qe7 24.Rd1 Kc7 25.Rh3 Rg7 26.Rdd3 Rdg8 27.g3 Rg4 28.Qf3 R8g7 29.Rh6 Be5
30.Qf5 Rf4 31.Qh3 Rxe4 32.Rxh7 Bxc3 33.Rxg7 Bxg7 34.Rf3 d5 35.Qh7 f6 36.Bc2 Re5
37.Bf5 Bf8 38.Qh4 Re1+ 39.Kg2 Qe2 40.Bd3 Rg1+  0-1

[Event "NLD-chT9596"]
[Site "?"]
[Date "1995.??.??"]
[Round "?"]
[White "Bosch, Jeroen"]
[Black "Sokolov, Ivan"]
[Result "0-1"]
[WhiteElo "2425"]
[BlackElo "2645"]

1.Nf3 Nf6 2.d4 g6 3.Nc3 d5 4.Bf4 Bg7 5.e3 Bg4 6.Be2 O-O 7.Ne5 Bxe2 8.Qxe2 Nbd7
9.O-O-O Rc8 10.e4 Nb6 11.Kb1 c5 12.Nxd5 Nfxd5 13.exd5 Nxd5 14.Bg3 cxd4 15.Rxd4 e6
16.c4 Qb6 17.Qd2 Nb4 18.a3 Na6 19.Rd6 Qb3 20.Rc1 Nc5 21.f3 b5 22.Qb4 Qe3
23.Re1 Qg5 24.cxb5 Qf5+ 25.Ka2 Bxe5 26.Rxe5 Nd3 27.Rxf5 Nxb4+ 28.Kb3 gxf5
29.Kxb4 Rc2 30.b3 Rxg2 31.Rd7 Ra8 32.Ka5 Rb2 33.Rd3 Re2 34.Ka6 e5 35.Kb7 Re8
36.Kxa7 f4 37.Bh4 Re3 38.Rxe3 fxe3 39.b6 f5 40.b7 f4 41.Bg5 h6 42.Bf6 e4
43.Be5 exf3  0-1

[Event "Ter Apel"]
[Site "Ter Apel"]
[Date "1995.??.??"]
[Round "5"]
[White "Sokolov, Ivan"]
[Black "Dautov, Rustem"]
[Result "1-0"]
[WhiteElo "2645"]
[BlackElo "2625"]

1.d4 Nf6 2.c4 e6 3.Nc3 Bb4 4.Qc2 c5 5.dxc5 Na6 6.a3 Qa5 7.Bd2 Nxc5 8.Rd1 Bxc3
9.Bxc3 Qa4 10.Qxa4 Nxa4 11.Be5 b6 12.f3 Ba6 13.e4 Rc8 14.b3 Nc5 15.b4 Na4
16.b5 Bb7 17.Bd6 Kd8 18.Nh3 Ne8 19.Bb4 h6 20.Nf4 a5 21.bxa6 Bxa6 22.Nd3 d6
23.e5 Bxc4 24.exd6 Bxd3 25.Bxd3 Nf6 26.Ba6 Rc2 27.O-O Nc5 28.Bb5 Kc8 29.Rc1 Rxc1
30.Rxc1 Kb7 31.Bc3 Rd8 32.Rd1 Ncd7 33.a4 Rc8 34.Bd4 e5 35.Be3 Rc3 36.Rc1 Rxc1+
37.Bxc1 Nc5 38.Bb2 Nfd7 39.Kf2 f6 40.Ke3 g5 41.Ba3 f5 42.Kd2 f4 43.Kc3 e4
44.fxe4 Nxe4+ 45.Kd4 Nef6 46.h3 Kc8 47.Ba6+ Kd8 48.Bb7 Ke8 49.Kc4 Kf7 50.Kb5 Ke6
51.Kc6 Ne5+ 52.Kc7 Ne8+ 53.Kxb6 Nxd6 54.Bxd6 Kxd6 55.a5 Nc4+ 56.Kb5 Nxa5
57.Kxa5 Kc5 58.Bf3 Kd4 59.Kb5 Ke3 60.Kc4 Kf2 61.Kd4 h5 62.Ke4 Kg3 63.Ke5 g4
64.hxg4 hxg4 65.Ke4  1-0

[Event "Hoogovens op"]
[Site "Wijk aan Zee"]
[Date "1995.??.??"]
[Round "4"]
[White "Sokolov, Ivan"]
[Black "Van der Sterren, Paul"]
[Result "1/2-1/2"]
[WhiteElo "2645"]
[BlackElo "2560"]

1.d4 d5 2.c4 e6 3.Nc3 Nf6 4.Bg5 Be7 5.Nf3 h6 6.Bh4 O-O 7.e3 b6 8.Bd3 Bb7
9.O-O Nbd7 10.Bg3 c5 11.cxd5 Nxd5 12.Qe2 cxd4 13.exd4 N7f6 14.Rac1 Rc8 15.Ne5 Nxc3
16.bxc3 Qd5 17.Nf3 Ne4 18.c4 Nxg3 19.hxg3 Qd6 20.Be4 Bxe4 21.Qxe4 Bf6 22.Rc2 Rfd8
23.Rd1 Qb4 24.Rdc1 Rc7 25.g4 Rcd7 26.Rd1 Bxd4 27.Rxd4 Rxd4 28.Nxd4 Rxd4 29.Qxd4 Qb1+
30.Kh2 Qxc2 31.a3 Kh7 32.f3 Qa4 33.Qe4+ g6 34.Qf4 Qd7 35.a4 Qe7 36.Qb8 e5
37.Kh3 Kg7 38.Qa8 a5 39.Qb8 Qc5 40.Kg3 Qd4 41.Qe8 g5 42.Qe7 Kg6 43.Qb7 Kf6
44.Qc6+ Kg7 45.Kh2 Qc5 46.Qe8 Qd6 47.Kh3 Qe6 48.Qxe6 fxe6 49.Kg3 Kg6 50.Kf2 h5
51.gxh5+ Kxh5 52.Kg3 Kg6 53.Kf2 Kf6 54.Ke3 Ke7 55.Ke4 Kd6 56.g3 Kc5 57.Kxe5 Kxc4
58.f4 gxf4 59.gxf4 b5  1/2-1/2

[Event "Hoogovens op"]
[Site "Wijk aan Zee"]
[Date "1995.??.??"]
[Round "5"]
[White "Van Wely, Loek"]
[Black "Sokolov, Ivan"]
[Result "0-1"]
[WhiteElo "2575"]
[BlackElo "2645"]

1.d4 Nf6 2.c4 e6 3.Nf3 d5 4.Nc3 Nbd7 5.Bg5 h6 6.Bh4 Be7 7.e3 O-O 8.cxd5 exd5
9.Qc2 Re8 10.Bd3 c6 11.O-O Ne4 12.Bxe7 Qxe7 13.b4 Ndf6 14.b5 c5 15.dxc5 Nxc5
16.Rac1 Nce4 17.Qb2 Bd7 18.h3 Rac8 19.Ne2 Nc5 20.Bc2 Nce4 21.a4 Ng5 22.Nfd4 Rc4
23.Nf4 Rec8 24.Bb3 R4c5 25.Rcd1 Nge4 26.Nde2 Be6 27.Qd4 a6 28.Nd3 R5c7 29.b6 Rc6
30.Ne5 Rc5 31.Nf4 Qd6 32.Ned3 Rc3 33.Ba2 a5 34.Ne5 R3c5 35.Ned3 Rc2 36.Ra1 Rd2
37.Rfd1 Rxd1+ 38.Rxd1 Nc3 39.Rd2 Nfe4 40.Nxe6 fxe6 41.Rc2 Rc6 42.Ne5 Rc5
43.Nd3 Nb5 44.Qb2 Rxc2 45.Qxc2 Nbc3 46.f3 Ng3 47.Kf2 Nge2 48.Nf4 Qc6 49.Ke1 Nxf4
50.exf4 Qc5 51.Kf1 Ne4 52.Qxc5 Nxc5 53.f5 Kf7 54.Ke2 Nxa4 55.Kd3 Nxb6 56.fxe6+ Kxe6
57.Kd4 Kd6 58.f4 Nc4 59.g4 b5 60.g5 a4 61.h4 b4 62.f5 b3  0-1

[Event "NLD-chT playoff"]
[Site "Breda"]
[Date "1996.??.??"]
[Round "?"]
[White "Sokolov, Ivan"]
[Black "Ljubojevic, Ljubomir"]
[Result "1/2-1/2"]
[WhiteElo "2665"]
[BlackElo "2600"]

1.d4 Nf6 2.c4 e6 3.Nc3 d5 4.Bg5 Be7 5.e3 h6 6.Bh4 O-O 7.Nf3 b6 8.Qb3 Bb7
9.Bxf6 Bxf6 10.cxd5 exd5 11.Rd1 Qd6 12.Bd3 c5 13.dxc5 Qxc5 14.O-O Rd8 15.Bb1 Na6
16.Nd4 g6 17.Nce2 Qc4 18.Qa3 Qc5 19.Qd3 Qc4 20.Qd2 Qb4 21.Qxb4 Nxb4 22.a3 Na6
23.b4 Nc7 24.Rc1 Ne8 25.Ba2 Rac8 26.Nf4 Bxd4 27.exd4 Nf6 28.Rfe1 Kf8 29.f3 Rxc1
30.Rxc1 Ke7 31.Nd3 Rc8  1/2-1/2

[Event "Koop Tjuchem"]
[Site "Groningen"]
[Date "1996.??.??"]
[Round "6"]
[White "Sokolov, Ivan"]
[Black "Short, Nigel D"]
[Result "0-1"]
[WhiteElo "2670"]
[BlackElo "2695"]

1.d4 e6 2.c4 Nf6 3.Nf3 d5 4.Nc3 Be7 5.Bg5 h6 6.Bxf6 Bxf6 7.Rc1 O-O 8.e3 a6
9.Qc2 c6 10.Bd3 b5 11.c5 Nd7 12.e4 e5 13.exd5 exd4 14.Ne2 Qa5+ 15.Qd2 b4
16.Nfxd4 Nxc5 17.Bb1 cxd5 18.O-O Qb6 19.Rfd1 Bb7 20.Qc2 Ne4 21.f3 Rfc8 22.Qd3 Rxc1
23.Rxc1 Nd6 24.Kh1 g6 25.b3 Re8 26.h3 a5 27.Rd1 Ba6 28.Qd2 Bxe2 29.Nxe2 Qf2
30.Bd3 Nf5 31.Nf4 Qxd2 32.Rxd2 Bg5  0-1

[Event "Koop Tjuchem"]
[Site "Groningen"]
[Date "1996.??.??"]
[Round "7"]
[White "Svidler, Peter"]
[Black "Sokolov, Ivan"]
[Result "0-1"]
[WhiteElo "2650"]
[BlackElo "2670"]

1.e4 e5 2.Nf3 Nc6 3.Bb5 a6 4.Ba4 Nf6 5.O-O Be7 6.Re1 b5 7.Bb3 O-O 8.c3 d5
9.exd5 Nxd5 10.Nxe5 Nxe5 11.Rxe5 c6 12.d3 Bd6 13.Re1 Qh4 14.g3 Qh3 15.Re4 Qd7
16.Nd2 Bb7 17.Re1 c5 18.Ne4 Be7 19.Bg5 f6 20.Bd2 Kh8 21.c4 Nb4 22.Bxb4 cxb4
23.cxb5 f5 24.Nd2 axb5 25.Re6 Bf6 26.Nf3 f4 27.d4 fxg3 28.hxg3 Bxf3 29.Qxf3 Bxd4
30.Qc6 Bxf2+ 31.Kg2 Qd3 32.Rg6 Be1  0-1

[Event "Koop Tjuchem"]
[Site "Groningen"]
[Date "1996.??.??"]
[Round "8"]
[White "Van Wely, Loek"]
[Black "Sokolov, Ivan"]
[Result "1-0"]
[WhiteElo "2605"]
[BlackElo "2670"]

1.c4 e5 2.Nc3 Nf6 3.Nf3 Nc6 4.e3 Be7 5.a3 O-O 6.Qc2 Re8 7.b4 Bf8 8.Bb2 d6
9.Bd3 g6 10.Rc1 a5 11.b5 Nb8 12.O-O Nbd7 13.Qb1 Nc5 14.Bc2 Be6 15.d3 Bh6
16.h3 a4 17.Rcd1 e4 18.dxe4 Bxc4 19.Rfe1 Qe7 20.Rd4 Bb3 21.Nd2 Bg7 22.Rb4 c6
23.Rc1 Bxc2 24.Qxc2 Nfd7 25.Rd1 Ne5 26.Nc4 Nxc4 27.Rxc4 Qe6 28.Rb4 Rec8 29.bxc6 bxc6
30.Nxa4 Rxa4 31.Bxg7 Rxb4 32.axb4 Qxe4 33.Qc3 Ne6 34.Bf6 d5 35.f3 Qf5 36.Kf2 c5
37.g4 d4 38.gxf5 dxc3 39.fxe6 c2 40.Rc1 cxb4 41.e7  1-0

[Event "New York CITS"]
[Site "New York"]
[Date "1996.??.??"]
[Round "1"]
[White "Sokolov, Ivan"]
[Black "Sunye Neto, Jaime"]
[Result "1-0"]
[WhiteElo "2665"]
[BlackElo "2505"]

1.d4 Nf6 2.c4 e6 3.Nc3 Bb4 4.e3 O-O 5.Bd3 d5 6.cxd5 exd5 7.Ne2 Re8 8.O-O b6
9.f3 Bb7 10.a3 Bf8 11.b4 c5 12.bxc5 bxc5 13.Rb1 Qc8 14.Qb3 Bc6 15.Qa2 Nbd7
16.a4 Qd8 17.a5 Rb8 18.Bd2 Rxb1 19.Rxb1 Bd6 20.Nb5 Bb8 21.Ng3 g6 22.dxc5 Nxc5
23.Qc2 Nxd3 24.Qxd3 Bxb5 25.Rxb5 Qd7 26.a6 Qe6 27.Rb7 Nd7 28.Bc3 Be5 29.Bd4 Bxd4
30.Qxd4 Nb8 31.e4 Qxa6 32.Qxd5 Rf8 33.h4 Nc6 34.Rd7 Qb6+ 35.Kh2 Nb4 36.Qg5 a5
37.Nf5  1-0

[Event "New York CITS"]
[Site "New York"]
[Date "1996.??.??"]
[Round "8"]
[White "Sokolov, Ivan"]
[Black "Ashley, Maurice"]
[Result "1-0"]
[WhiteElo "2665"]
[BlackElo "2460"]

1.d4 Nf6 2.c4 e6 3.Nc3 Bb4 4.e3 c5 5.Ne2 cxd4 6.exd4 d5 7.c5 Ne4 8.Bd2 Nxd2
9.Qxd2 Nc6 10.a3 Bxc3 11.Nxc3 O-O 12.f4 b6 13.b4 e5 14.dxe5 bxc5 15.bxc5 Qa5
16.Nb5 Qa4 17.Be2 Ba6 18.Nc3 Qa5 19.Nxd5 Qxd2+ 20.Kxd2 Rad8 21.Bxa6 Rxd5+
22.Ke3 Rxc5 23.Rhc1 Rxc1 24.Rxc1 Ne7 25.Rc5 Rb8 26.Bc4 Rb7 27.g4 g6 28.a4 Kg7
29.a5 h6 30.a6 Rd7 31.h3 Kf8 32.Ke4 Rd1 33.f5 gxf5+ 34.gxf5 h5 35.f6 Re1+
36.Kf3  1-0

[Event "New York CITS"]
[Site "New York"]
[Date "1996.??.??"]
[Round "10"]
[White "Sokolov, Ivan"]
[Black "Kortschnoj, Viktor"]
[Result "1-0"]
[WhiteElo "2665"]
[BlackElo "2645"]

1.d4 Nf6 2.c4 e6 3.Nc3 Bb4 4.e3 b6 5.Ne2 Ne4 6.Qc2 Bb7 7.Nf4 O-O 8.Bd3 f5
9.O-O Nxc3 10.bxc3 Bd6 11.Rb1 Bxf4 12.exf4 Rf6 13.Be3 Rh6 14.f3 Nc6 15.c5 Qh4
16.g3 Qh5 17.c4 Ne7 18.Qe2 Bc6 19.Rf2 Re8 20.Rbf1 bxc5 21.dxc5 Ng6 22.Qc2 Rf8
23.Bd4 e5 24.fxe5 f4 25.g4 Qg5 26.Be4 Nxe5 27.Bd5+ Nf7 28.Qb3 Re8 29.Re2 Qd8
30.Rfe1 Rxe2 31.Rxe2 Rg6 32.Qd3 Bxd5 33.cxd5 c6 34.d6 Re6 35.Rxe6 dxe6 36.Qb3 Qc8
37.Qb2 h5 38.h3 hxg4 39.hxg4 Ng5 40.Kg2 Qd7 41.Qb8+  1-0

[Event "NLD-ch"]
[Site "NLD"]
[Date "1996.??.??"]
[Round "3"]
[White "Sokolov, Ivan"]
[Black "Bosch, Jeroen"]
[Result "1-0"]
[WhiteElo "2665"]
[BlackElo "2440"]

1.d4 Nf6 2.c4 e6 3.Nc3 Bb4 4.e3 O-O 5.Bd3 d5 6.cxd5 exd5 7.Ne2 Re8 8.O-O Bf8
9.Nf4 c6 10.a3 Nbd7 11.f3 Nb6 12.g4 g6 13.Rf2 c5 14.g5 Nfd7 15.h4 cxd4 16.exd4 Bg7
17.Nfe2 Nb8 18.Bf4 a6 19.b3 Nc6 20.Bc2 Be6 21.Qd2 Qd7 22.Nd1 Nc8 23.Ne3 Nd6
24.Bxd6 Qxd6 25.f4 Ne7 26.Kg2 Qd7 27.Rh1 Nf5 28.Bxf5 Bxf5 29.Nxf5 Qxf5 30.Ng3 Qg4
31.Qd1 Qxd1 32.Rxd1 Rac8 33.Rd3 f5 34.Re2 Bf8 35.Rxe8 Rxe8 36.b4 Rc8 37.Kf3 Kf7
38.h5 Bd6 39.h6 Ke6 40.Ne2 Rc2 41.Nc3 Rh2 42.Re3+ Kf7 43.Nxd5 Rd2 44.Nf6 Rxd4
45.Nxh7 Rxf4+ 46.Ke2 Rg4 47.Rd3 Ke6 48.Rh3 Be5 49.Re3 Re4 50.Nf8+ Kf7 51.Rxe4 fxe4
52.Nd7 Bf4 53.Nc5 Bxg5 54.h7 Bf6 55.Nxb7 Kg7 56.Nc5 Kxh7 57.Nxa6 Kg7 58.Ke3 Kf7
59.Kxe4 Ke6 60.Nc7+ Kd7 61.Nd5 Bd8 62.a4 Kd6 63.a5 Kc6 64.a6  1-0

[Event "Oslo-45'"]
[Site "Oslo"]
[Date "1996.??.??"]
[Round "2"]
[White "Sokolov, Ivan"]
[Black "Agdestein, Simen"]
[Result "0-1"]
[WhiteElo "2670"]
[BlackElo "2600"]

1.d4 f5 2.Bg5 Nf6 3.e3 e6 4.Bd3 Be7 5.Ne2 O-O 6.O-O Nd5 7.Bxe7 Qxe7 8.a3 Nf6
9.c4 b6 10.Nbc3 Bb7 11.Qc2 Nc6 12.b4 Nd8 13.c5 Nf7 14.f3 g6 15.Qb3 e5 16.Bc4 Kg7
17.Rae1 d6 18.cxb6 axb6 19.d5 h5 20.a4 h4 21.a5 Nd7 22.axb6 Nxb6 23.Bb5 Ng5
24.h3 Qf7 25.f4 Nh7 26.e4 c6 27.fxe5 dxe5 28.Bd3 f4 29.Qb2 Kh6 30.dxc6 Bxc6
31.Nd1 Qe7 32.Nf2 Bd7 33.Nc3 f3 34.Qd2+ Ng5 35.Nd5 Nxd5 36.exd5 fxg2 37.Kxg2 Rf3
38.Re3 Ra2 39.Qxa2 Rxe3 40.Bxg6 Rg3+ 41.Kh1 Kxg6 42.Qc2+ e4 43.Re1 Qf7  0-1

[Event "Oslo-45'"]
[Site "Oslo"]
[Date "1996.??.??"]
[Round "3"]
[White "Sokolov, Ivan"]
[Black "Gausel, Einar"]
[Result "0-1"]
[WhiteElo "2670"]
[BlackElo "2520"]

1.d4 Nf6 2.c4 e6 3.Nc3 Bb4 4.e3 O-O 5.Bd3 c5 6.Ne2 d5 7.cxd5 cxd4 8.exd4 Nxd5
9.Bb1 Re8 10.Qd3 g6 11.O-O Nxc3 12.bxc3 Bf8 13.Qg3 Bg7 14.Bg5 Qa5 15.Nf4 Nd7
16.Bc2 Nf8 17.Rfe1 Bd7 18.Re3 e5 19.dxe5 Rxe5 20.Rxe5 Qxe5 21.Bh4 Rc8 22.Bd3 Rxc3
23.Rb1 Bh6 24.Bf6 Qxf6 25.Nd5 Qd4 26.Nxc3 Qxc3 27.Rxb7 Qa1+ 28.Bb1 Be6 29.h3 a5
30.Qd3 Qe5 31.Qe4 Qg5 32.Rc7 Qd8 33.Rc5 Qd1+ 34.Kh2 Qd6+  0-1